Normal view
MARC view
Entry Personal Name
001 - CONTROL NUMBER
- control field: 82774
003 - CONTROL NUMBER IDENTIFIER
- control field: dpl
005 - DATE AND TIME OF LATEST TRANSACTION
- control field: 20250708141705.0
008 - FIXED-LENGTH DATA ELEMENTS
- fixed length control field: 250708|| aca||aabn | a|a d
040 ## - CATALOGING SOURCE
- Original cataloging agency: dpl
- Transcribing agency: dpl
100 ## - HEADING--PERSONAL NAME
- Personal name: Nanda, G. K
670 ## - SOURCE DATA FOUND
- Source citation: Work cat.: (dpl)212234: Nanda, G. K., Disadvantaged Children:, 2023
